[Event "FIDE GP"]
[Site "Moscow"]
[Date "2002.06.04"]
[Round "4.1"]
[White "Beliavsky, Alexander G"]
[Black "Radjabov, Teimour"]
[Result "1/2-1/2"]
[WhiteElo "2661"]
[BlackElo "2610"]
[Annotator "Tsesarsky,I"]
[PlyCount "173"]
[EventDate "2002.06.01"]
[EventType "k.o. (rapid)"]
[EventRounds "5"]
[EventCountry "RUS"]
[SourceTitle "CBM 090"]
[Source "ChessBase"]
[SourceDate "2002.09.20"]
[SourceVersion "1"]
[SourceVersionDate "2002.09.20"]
[SourceQuality "1"]

1. d4 Nf6 2. c4 g6 3. Nc3 Bg7 4. e4 d6 5. Nf3 O-O 6. Be2 e5 7. O-O Nc6 8. d5
Ne7 9. Nd2 a5 10. a3 Nd7 11. Rb1 f5 12. b4 Kh8 13. f3 f4 {The plans of sides
are clear: White tries to open lines in the queenside, to penetrate his pieces
via those opened lines his pieces into Black's camp. In other hand, Black will
promote his PP on the kingside in order to prepare Attack on the white king's
fortress. The question is: Who will be first?} 14. Na4 (14. Nb3 {I prefer this
move. A-file will be opened, c4-c5 promotion is ensured, and White has good
chance to be overtake Black in initiative icreasing.} axb4 15. axb4 g5 16. Bd2
(16. c5 Nf6 17. Bd2 Ng6 (17... h5 18. Ra1 Rxa1 19. Qxa1 g4 20. cxd6 cxd6 21.
Qa5 b6 22. Qa7 Ng6 23. Nb5 Ne8 24. Qb8 {[%cal Gf1a1,Ga1a8]} (24. fxg4 $6 hxg4
25. g3 Bd7 $15 {0-1 Dokhoian,Y-Loginov,V/Pavlodar 1987/EXT 97 (45)})) 18. Ra1
$1 (18. Be1 h5 19. Bf2 g4 20. Ra1 Rxa1 21. Qxa1 h4 $132) (18. c6 b6 19. Be1 Rg8
20. Nd2 h5 21. Nb5 g4 22. Ra1 Rxa1 23. Qxa1 g3 24. Qa8 Nh7 $17 {0-1 Dreev,
A-Shirov,A/Borzhomi 1988/EXT 97 (31)}) 18... Rxa1 19. Qxa1 $14 {[%cal Gc5d6,
Ga1a5]}) 16... Ng6 17. Ra1 Rxa1 18. Qxa1 Nf6 19. Qa7 g4 20. fxg4 Nxg4 21. Bxg4
$1 (21. h3 Nh6 $132 {0-1 Ljubojevic,L-Kasparov,G/Linares 1993/CBM 34 (29)})
21... Bxg4 22. Qxb7 f3 23. g3 Bc8 24. Qa7 $16) (14. Nb5 b6 (14... g5 15. Qc2
axb4 16. axb4 Nf6 17. c5 Ne8 18. Bb2 h5 19. Ra1 Rb8 20. Na7 Bd7 21. b5 dxc5 22.
Qxc5 Ng6 23. b6 $16 {0-1 Tratar,M-Freitag,M/Frohnleiten 1998/CBM 64 ext/ (44)})
15. c5 bxc5 16. bxc5 Nxc5 17. a4 g5 18. Ba3 Na6 19. Qc2 $14 {1-0 Vladimirov,
E-Temirbaev,S/Alma-Ata 1989/EXT 97 (41)}) (14. c5 axb4 15. axb4 dxc5 16. bxc5
Nxc5 17. Nc4 b6 18. Nb5 Ba6 19. Ba3 c6 20. dxc6 Nxc6 $15 {1/2-1/2 Epishin,
V-Dolmatov,S/Rostov 1993/CBM 36 (47)}) (14. Qc2) 14... axb4 (14... Nf6 15. c5
axb4 16. axb4 Bd7 17. b5 b6 18. cxd6 cxd6 19. Ba3 Nc8 20. Qb3 Rg8 21. Nc4 {
[%csl Rd6]} (21. Rfc1 Bf8 22. Rc2 g5 23. g4 (23. Rbc1 g4) 23... fxg3 24. hxg3
g4 25. f4 exf4 26. gxf4 Nh5 $132 {0-1 Berg,K-Jacobsen,B/DEN 1989/EXT 97 (42)})
21... Ne8 22. Ncb2 g5 23. Nd3 g4 (23... h5 24. Nb4 g4 25. Nc6 Qh4 26. Rb2 g3
27. h3 Bf8 28. Ra1 Nf6 29. Bf1 Nh7 30. Rba2 Ng5 31. Bb4 $16) 24. fxg4 Qh4 25.
Nf2 Nf6 26. Nb2 $16) (14... c6 15. c5 (15. Qb3 axb4 16. axb4 Qc7 17. Bb2 Nf6
18. Ra1 $14) 15... cxd5 16. cxd6 Nc6 17. exd5 Nd4 18. Ne4 Nf6 19. bxa5 Rxa5 20.
Nb6 $14 {0-1 Estremera Panos,S-Bass,L/San Sebastian 1990/EXT 2000 (35)}) 15.
axb4 g5 ({Worth of attention} 15... c6 $5 {Black changes his plans and tries
to neutralize White's pressure on the queenside.} 16. c5 (16. Bb2 Nf6 17. dxc6
Nxc6 18. c5 dxc5 19. Nxc5 Nd4 20. Nc4 Nh5 21. Rf2 $132 {1-0 Polugaevsky,
L-Hellers,F/Biel 1989/CBM 14 (37)}) 16... cxd5 17. cxd6 Nc6 18. exd5 Nd4 19.
Nc3 Nb6 20. Nde4 Bf5 21. Bd3 Rc8 22. Bb2 $132 {1/2-1/2 Salov,V-Nunn,J/
Rotterdam 1989/CBM 13 (36)}) 16. c5 Nf6 17. Nc4 g4 18. cxd6 cxd6 19. Nab6 Rb8
20. Nxc8 {Problematic move! Bc8 is very important in Black's Attack. In other
hand, White's BB are not powerful in closed position.} Nxc8 21. Bd2 Nb6 22. Na5
g3 23. h3 {Of course, White has advantage in this position. Two opened lines
on the queenside seems enough to organize pieces penetration, but...this
position is FORTRESS. White can't do nothing.} Qd7 24. Qb3 Rfc8 25. Rfc1 Ne8
26. Qd1 Bf6 27. Qf1 Bd8 28. Bb5 Qe7 29. Kh1 Kg8 30. Rxc8 Nxc8 (30... Rxc8 $2
31. Nxb7 $16) 31. Rc1 {[%csl Rb5,Rd2] White's BB are useless, especially Bd2.}
Kf8 32. Ba4 (32. Rc2 Nf6 33. Ra2 Nb6 {and White can't achieve something.})
32... Nb6 33. Qb5 Nf6 34. Bd1 Qd7 35. Be2 Qxb5 36. Bxb5 {Next log term
manoeuvres are useless...} Ne8 37. Kg1 Nc7 38. Bd3 Kf7 39. Kf1 Kf8 40. Ke2 Kf7
41. Ra1 Ke7 42. Nb3 Nc8 43. Bc3 Ra8 44. Na5 Rb8 45. Kd2 Kf6 46. Kc2 Ke7 47. Kb3
Kf6 48. Ra2 Ke7 49. Bf1 Kf6 50. Nc4 Ne8 51. Bb2 Nb6 52. Na5 Nc7 53. Ra1 Ke7 54.
Rd1 Nc8 55. Nc4 Kf6 56. Rc1 {It was possible to offer draw...} Ne8 57. Na5 Nc7
58. Bd3 Ke7 59. Kc2 Kf6 60. Be2 Ke7 61. Kd3 Kf6 62. Ra1 Ke7 63. Nc4 Kf6 64. Bd1
Na6 65. Bc3 Nc7 66. Bb3 Be7 67. Kc2 Bd8 68. Na5 Nb6 69. Bb2 Ke7 70. Kd2 Nc8 71.
Ba4 Na7 72. Rc1 Na6 73. Bc3 Nc7 74. Kd3 Na6 75. Ke2 Nc7 76. Bd2 Na6 77. Ra1 Nc7
78. Nc4 Ncb5 ({Or} 78... Na6 79. b5 Nc5 80. Bb4 b6 81. Bxc5 bxc5 $11) 79. Kd3
Nd4 80. Na5 Ndb5 81. Rc1 Nc7 82. Ra1 Na6 83. Nc4 Nc7 84. Be8 Kxe8 85. Rxa7 Nb5
86. Ra1 Kd7 87. Ra2 1/2-1/2

[Event "FIDE GP"]
[Site "Moscow"]
[Date "2002.06.04"]
[Round "4.5"]
[White "Radjabov, Teimour"]
[Black "Beliavsky, Alexander G"]
[Result "1-0"]
[WhiteElo "2610"]
[BlackElo "2661"]
[PlyCount "91"]
[EventDate "2002.06.01"]
[EventType "k.o. (rapid)"]
[EventRounds "5"]
[EventCountry "RUS"]
[SourceTitle "CBM 090"]
[Source "ChessBase"]
[SourceDate "2002.09.20"]
[SourceVersion "1"]
[SourceVersionDate "2002.09.20"]
[SourceQuality "1"]

1. Nf3 d5 2. b3 Nf6 3. Bb2 c5 4. e3 e6 5. d4 Bd6 6. Nbd2 O-O 7. Bd3 Nc6 8. a3
Qe7 9. c4 cxd4 10. exd4 b6 11. O-O Bb7 12. Re1 Rfd8 13. h3 Rac8 14. Qe2 dxc4
15. bxc4 Qf8 16. Ng5 Re8 17. Nde4 Nxe4 18. Qxe4 g6 19. Qh4 h6 20. Ne4 Be7 21.
Nf6+ Bxf6 22. Qxf6 Qg7 23. Qxg7+ Kxg7 24. d5+ Kg8 25. dxc6 Bxc6 26. Rac1 Rcd8
27. Bf1 f5 28. Rcd1 Kf7 29. Be2 Be4 30. Rxd8 Rxd8 31. Rd1 Rxd1+ 32. Bxd1 Bc6
33. f3 Ke7 34. Be5 Kf7 35. Kf2 a6 36. Ke3 b5 37. Kd4 bxc4 38. Kxc4 Bb5+ 39. Kb4
Bf1 40. g3 Bxh3 41. Be2 Bg2 42. Ka5 g5 43. Kxa6 h5 44. a4 Kg6 45. a5 f4 46.
gxf4 1-0

[Event "FIDE GP"]
[Site "Moscow"]
[Date "2002.06.05"]
[Round "5.1"]
[White "Kasparov, Garry"]
[Black "Radjabov, Teimour"]
[Result "1-0"]
[WhiteElo "2838"]
[BlackElo "2610"]
[Annotator "Finkel,A"]
[PlyCount "49"]
[EventDate "2002.06.01"]
[EventType "k.o. (rapid)"]
[EventRounds "5"]
[EventCountry "RUS"]
[SourceTitle "CBM 090"]
[Source "ChessBase"]
[SourceDate "2002.09.20"]
[SourceVersion "1"]
[SourceVersionDate "2002.09.20"]
[SourceQuality "1"]

1. e4 g6 {Radjabov decides to give up his favorite french defense versus
Kasparov, but didn't manage by this to solve an openings problems...} 2. d4 Bg7
3. Nc3 c6 $5 4. Nf3 ({More ambitios is 4.f4, but Garry doesn't want to open
theoretical discussion with his young opponent in this variation.} 4. f4) 4...
d6 5. Be3 Nd7 6. Qd2 Ngf6 7. Bh6 Bxh6 8. Qxh6 e5 9. O-O-O Qe7 {Nothing good
comes out of} (9... Ng4 10. Qd2 Qe7 11. Bc4 b5 12. Bb3 $14 {and white has very
nice position.}) 10. h3 a6 $6 {This move is quite dubious one and Kasparov
takes full advantage of this fact. Better was} (10... b5 $5 11. Bd3 Bb7 12. Qe3
b4 13. Nb1 O-O $13 {with complicated position.}) 11. dxe5 dxe5 12. Bc4 b5 {
Of course very bad is} (12... Qc5 13. Bb3 Qxf2 14. Rhf1 Qxg2 15. Ng5 $18 {
[%csl Re8,Rf7][%cal Gf1f7] and black is in troubles.}) 13. Bb3 a5 14. a4 $1 b4
15. Nb1 Ba6 (15... Nxe4 $2 16. Rhe1 $1 {[%cal Ge1e8]} f5 17. Nbd2 Nxf2 (17...
Nxd2 18. Rxd2 e4 19. Ng5 $18) 18. Nxe5 $1 Nxe5 (18... Nxd1 19. Bf7+ Kd8 20.
Nxc6+ $18) 19. Nc4 {[%cal Gc4d6]} Ne4 20. Rxe4 $1 fxe4 21. Nd6+ Kd8 22. Nf5+
$16) 16. Nbd2 O-O-O (16... Nb6 17. Ng5 $16) 17. Qe3 $1 {Threatening to come to
a7} Kb7 (17... Nc5 18. Bc4) 18. Bc4 $1 {Very simple and strong. Once white
knight is on c4 black won't be able to hold numerous weaknesses on the
queenside and in the center.} Nc5 19. Bxa6+ Kxa6 (19... Nxa6 20. Nc4 $18) 20.
Nc4 $18 {[%csl Ra5,Re5]} Nfxe4 (20... Nfd7 21. Rd6 $18) 21. Nfxe5 Rd5 {There
was no satisfactory defense.} (21... Rc8 22. f3 Ng3 23. Nd6 $1 Nxh1 24. Qe2+
Nd3+ 25. Qxd3+ Ka7 26. Qe3+ Ka8 27. Nxc8 $18) 22. Nxc6 Qg5 23. Rxd5 Qxd5 24.
N4xa5 Kb6 25. Nxb4 1-0

[Event "FIDE GP"]
[Site "Moscow"]
[Date "2002.06.05"]
[Round "5.2"]
[White "Radjabov, Teimour"]
[Black "Kasparov, Garry"]
[Result "1/2-1/2"]
[WhiteElo "2610"]
[BlackElo "2838"]
[PlyCount "89"]
[EventDate "2002.06.01"]
[EventType "k.o. (rapid)"]
[EventRounds "5"]
[EventCountry "RUS"]
[SourceTitle "CBM 090"]
[Source "ChessBase"]
[SourceDate "2002.09.20"]
[SourceVersion "1"]
[SourceVersionDate "2002.09.20"]
[SourceQuality "1"]

1. d4 d5 2. c4 c6 3. Nc3 Nf6 4. Nf3 a6 5. c5 Bg4 6. Ne5 Bh5 7. Qb3 Ra7 8. Bg5
Nbd7 9. f4 h6 10. Bxf6 gxf6 11. Nxd7 Qxd7 12. e3 Rg8 13. g3 e5 14. Be2 Bxe2 15.
Nxe2 e4 16. Kd2 f5 17. Nc3 Ra8 18. Na4 Rb8 19. Qd1 Qe6 20. b4 Be7 21. Qe2 Qg6
22. Nc3 Kf8 23. Rab1 Kg7 24. Na4 Kh7 25. Rhg1 h5 26. Nb6 Rbd8 27. a4 Qg4 28. b5
Qxe2+ 29. Kxe2 a5 30. Rg2 Kg6 31. h3 Kf6 32. Rbg1 Ke6 33. Kf1 Rh8 34. g4 hxg4
35. hxg4 fxg4 36. Rxg4 Rh3 37. Ke2 Rh2+ 38. R1g2 Rxg2+ 39. Rxg2 Rh8 40. Rf2 Bf6
41. Kf1 Rh1+ 42. Kg2 Rh8 43. Kf1 Rh1+ 44. Kg2 Rh8 45. Kf1 1/2-1/2

[Event "GRE-chT 31st"]
[Site "Chalkidiki"]
[Date "2002.07.11"]
[Round "7"]
[White "Radjabov, Teimour"]
[Black "Atalik, Suat"]
[Result "1/2-1/2"]
[WhiteElo "2610"]
[BlackElo "2551"]
[Annotator "Atalik,S"]
[PlyCount "37"]
[EventDate "2002.07.05"]
[EventType "team"]
[EventRounds "8"]
[EventCountry "GRE"]
[SourceTitle "CBM 089"]
[Source "ChessBase"]
[SourceDate "2002.08.12"]
[SourceVersion "1"]
[SourceVersionDate "2002.08.12"]
[SourceQuality "1"]

{I was prepared up to my teeth for this game.} 1. d4 Nf6 2. c4 g6 3. Nc3 d5 {
Gruenfeld Defence rerevisited! My resolution before the game was that I should
not play Slave Defense against heavy guns like Teimour.} 4. Nf3 Bg7 5. Qb3 dxc4
6. Qxc4 O-O 7. e4 {So far so good! Everything goes according to agenda.
Teimour is very predictable these days.} a6 (7... Na6 {I would spare this move
for difficult days when I definitely have to win with black.}) 8. Be2 {He does
not repeat his game against Shirov from Sarajevo.} (8. e5 b5 9. Qb3 Nfd7 10. h4
{After that I am not that happy with the current theory. I would go for Leko's}
Nb6 11. h5 c5 12. hxg6 hxg6 13. dxc5 Be6 14. Qc2 Bf5 15. Qb3 Be6 {since the
presence of so many FIDE people around like Gelfer, Azma, Makro combined with
the fact that Morozevich had to draw the day before with Adams due to this
silly rule of threefold repetition inspired me for that.}) 8... b5 9. Qb3 c5
10. dxc5 Bb7 ({I do not particularly fancy Van Wely's thanatos driven choice.} 
10... Be6 11. Qc2 Nc6 12. O-O Qc7 13. h3 $1) 11. O-O Nxe4 12. Nxe4 Bxe4 13. Bg5
({After Kazhgaleev's brainchild we are sort of confined to the text.} 13. Bf4
Nc6 14. Rad1 Qc8 15. Qe3 Qf5) 13... Nc6 14. Qe3 Qd5 15. Rad1 Qf5 {I am more
fond of Ivan's idea than vegetarian looking} (15... Qe6 16. Bh6 Bf5 17. Bxg7
Qxe3 18. fxe3 Kxg7 $14 {Kasparov-Leko,Linares 2000.}) 16. Bh6 Bxh6 17. Qxh6 f6
{These are all played before.} 18. Qe3 $146 {Here after Teimour uncorked his
novelty rather fast I have got rattled and consummed 30 minutes for my next.} (
18. Nd4 Nxd4 19. Rxd4 Rfd8 20. Qd2 (20. Rfd1 {was recommended by Lubo Ftacnik
but does not deliver much in my opinion.} Rxd4 21. Rxd4 g5 $1 22. Qh3 $1 {
Radjabov} (22. h4 $6 Qe5) 22... Qxh3 23. gxh3 Bc6 $11) 20... Rxd4 21. Qxd4 Bc6
22. Bg4 (22. Qe3 Qe4 23. Qxe4 Bxe4 24. Rd1 Bc6 $11) (22. Bd1 {Radjabov} Qd7 23.
Bb3+ Kg7 24. Qxd7 Bxd7 25. Rd1 (25. Bd5 Rd8 $1) 25... Bc6 $11) 22... Qd5 23.
Qxd5+ Bxd5 24. Rd1 e6 $11 {Piket-I.Sokolov,Batumi(EuroCh) 1999.}) 18... Rfd8 $8
{I had to first eliminate some invalid lines.} (18... Qe6 $2 19. Bd3 Bd5 20.
Qxe6+ Bxe6 21. Be4 Rac8 22. Bxc6 Rxc6 23. Nd4 $18) (18... Bd5 $2 19. Nh4 Qe6
20. Bf3 $1 $18) 19. a3 {Here Teimour offered a draw, and in reality after the
move he has chosen not much is going on, so some small amount of thought drove
me to share the points.} (19. a3 Bd5 20. Nd4 Qe4 21. Qxe4 Bxe4 22. Nxc6 (22.
Ne6 Rxd1 23. Bxd1 (23. Rxd1 Kf7) 23... Rc8 (23... Ra7 24. Bb3 Rd7) 24. Bb3 Na5
25. Ba2 Nc4 26. Re1 Bd5 27. Nf4 e6 28. b4 Kf7) 22... Bxc6 $11) ({And these two
variations I have calculated till the end.} 19. a4 $6 bxa4 (19... Rxd1 $2 20.
Rxd1 bxa4 21. Nd4 $1 $16) 20. Bc4+ Kg7 21. Nh4 Qg4 22. f3 Qxh4 (22... Bxf3 23.
Qxf3 Qxh4 24. Qxc6 Qxc4 25. Qc7 Rxd1 26. Qxe7+ Qf7 27. Qxf7+ Kxf7 28. Rxd1 Rc8
$17) 23. fxe4) (19. Nh4 Qe6 20. Bf3 f5 21. Bxe4 Qxe4 22. Qb3+ Qc4) 1/2-1/2

[Event "RUS-The World"]
[Site "Moscow"]
[Date "2002.09.08"]
[Round "1"]
[White "Khalifman, Alexander"]
[Black "Radjabov, Teimour"]
[Result "1/2-1/2"]
[WhiteElo "2690"]
[BlackElo "2610"]
[Annotator "Stohl,I"]
[PlyCount "82"]
[EventDate "2002.09.08"]
[EventType "schev (rapid)"]
[EventRounds "10"]
[EventCountry "RUS"]
[SourceTitle "CBM 091"]
[Source "ChessBase"]
[SourceDate "2002.11.12"]
[SourceVersion "1"]
[SourceVersionDate "2002.11.12"]
[SourceQuality "1"]
[WhiteTeam "Russia"]
[BlackTeam "The World"]
[WhiteTeamCountry "RUS"]

1. d4 Nf6 2. c4 g6 3. Nf3 Bg7 4. g3 O-O 5. Bg2 d6 6. O-O Nc6 7. Nc3 a6 8. d5
Na5 9. Nd2 c5 10. Qc2 Rb8 11. b3 b5 12. Bb2 bxc4 13. bxc4 Bh6 14. f4 Ng4 $5 {
Although this move in itself is not new, Radjabov connects it with a
relatively fresh idea, which has some time ago appeared in the games of GM
Babula. However it still remains a question if it can supersede the more often
played} (14... e5 15. dxe6 Bxe6 16. Nd5 Rxb2 17. Qxb2 Bg7 18. Qc1 Bxd5 19. cxd5
(19. Bxd5 Nxd5 20. cxd5 Qe7 $1) 19... Ng4 $44) 15. Nd1 Rxb2 16. Qxb2 Bg7 17.
Qc1 e5 $1 {The point of Black's idea.} (17... Bd4+ 18. Kh1 e5 {is similar, but
less flexible, as the Bg7 can be used also on the neighboring /^ c1-h6 (see
Lipka-Babula).} 19. Rb1 exf4 20. Rxf4 Be5 (20... Re8 $142 21. Bh3 $5 $14) 21.
Rf1 Nxh2 $2 22. Kxh2 Qh4+ 23. Kg1 Qxg3 24. Nf3 Bf4 25. Qc3 Bh3 26. Rf2 Bf5 27.
Rb2 h5 28. e3 Bh6 29. Qxa5 h4 30. Qe1 $18 {Fernandes,A-Ferreira,A/Lisbon/1991/}
) ({The mundane exchange} 17... Bxa1 $2 18. Qxa1 {leaves Black with a
strategically inferior position, with his misplaced פa5 he has hardly any
defence against White's >> build-up:} Bd7 19. h3 Nf6 20. e4 Qb6 21. e5 Ne8 22.
Ne3 Qb4 23. Qc1 f5 24. e6 Ba4 25. a3 Qb6 26. Qc3 Qc7 27. g4 $18 {->>>,
Kortschnoj,V-Bilek,I/Stockholm izt/1962/}) 18. dxe6 $146 {[%mdl 8] An
interesting new move, which weakens the ><c4, but on the other hand activates
the Bg2.} ({Another critical line is} 18. Rb1 exf4 19. Rxf4 Re8 $5 20. h3 (20.
Bh3 Bh6 $1 21. Rxg4 Rxe2 $36) 20... Nf6 21. e4 Bh6 22. Nf2 Bxf4 (22... Nh5 $5
23. Rf3 Bxd2 24. Qxd2 Nxc4 $44) 23. gxf4 Nh5 24. Nd3 Qh4 25. Qe1 Qf6 26. e5 Qd8
(26... Qe7 27. Ne4 Nxc4) 27. Bf3 (27. Rb8 $5 {/\} Qc7 28. Qb1 Nb7 29. Ra8 $36)
27... Bf5 28. Ne4 Bxe4 29. Qxe4 Ng7 30. Nf2 Qh4 $36 {Lipka,J-Babula,V/CZE-chT/
1998/}) (18. h3 $143 $6 {The tactical point is} exf4 $1 (18... Nh6 $6 {is a
loss of time:} 19. Rb1 Nf5 20. Ne4 exf4 21. gxf4 Re8 22. Kh2 Bd7 23. e3 Qh4 24.
Ndf2 (24. Qc2 $1 $16) 24... Nxc4 $1 25. Qxc4 Nxe3 26. Qc1 Nxf1+ 27. Bxf1 Bh6
28. Qc3 Bxf4+ 29. Kg2 Be5 30. Qf3 f5 31. Nc3 g5 $40 {Moutousis,K-Oney,F/
Komotini/1993/}) 19. gxf4 (19. hxg4 $2 Bd4+ 20. Kh1 (20. Kh2 fxg3+ 21. Kxg3
Be5+ 22. Kf3 Qg5 23. Ne4 Qxg4+ 24. Kf2 f5 $19) 20... fxg3 21. Bh3 (21. Nf3 Bxg4
22. Ne3 Bxf3 23. Rxf3 Qh4+ 24. Kg1 Nxc4 $1 $19 {/\} 25. Kf1 Bxe3 26. Rxe3 Nxe3+
27. Qxe3 Qf6+) 21... Bxg4 $1 22. Kg2 Bxh3+ 23. Kxh3 g2 $1 {0-1, Jurek,J-Babula,
V/Pardubice op/1997/}) 19... Bd4+ 20. Kh1 Re8 $1 21. Nf3 $2 (21. e4 $142 f5 $5
$36) 21... Bxa1 22. Qxa1 Ne3 23. Nxe3 Rxe3 24. Qe1 Bf5 25. Qd2 {Jirka,
J-Hitzgerova,G/CZE-chJ/1999/} Nxc4 $1 {/\} 26. Qc1 Qa5 27. Qxc4 Rc3 $19) 18...
Bxe6 19. Rb1 {Too greedy.} (19. h3 $142 $5 {with some chances to fight for an
edge:} Bxa1 (19... Bd4+ 20. Kh1 Bxa1 (20... Ne3 21. Nxe3 Bxe3 22. Qc3 $5 Bd4
23. Qd3 $14) 21. Qxa1 Nf6 22. Ne3 {/\} d5 $6 23. f5 (23. cxd5 Nxd5 24. Nxd5
Bxd5 25. e4 Be6 26. Qc3 $14) 23... d4 24. fxe6 dxe3 25. Nb3 Nxb3 26. axb3 $16)
20. Qxa1 Nf6 (20... Qf6 21. Qc1 $1 (21. Qxf6 Nxf6 22. Ne3 Rb8 $36) 21... Nh6 (
21... Qd4+ $2 22. e3 $1 Nxe3 23. Nf3 Qxc4 24. Nxe3 $16) 22. Ne3 Nf5 23. Nxf5
Bxf5 24. e3 $14 {/\} Rb8 25. Qa3 $1) 21. Ne3 Re8 (21... d5 $2 22. cxd5 Nxd5 23.
Bxd5 Bxd5 24. Rd1 $18) 22. Qc3 $14) 19... Bd4+ 20. Kh1 Re8 21. h3 $6 (21. e4
$142 f5 $5 22. h3 Nf6 $44) 21... Ne3 22. Nxe3 Bxe3 $36 {Now White even has to
be careful, as Black controls the <->e and his Be3 can't be chased away so
easily.} 23. Qc3 (23. Qd1 Bf5 $5 (23... Nxc4 24. Nxc4 Bxc4 25. Bd5 $14) 24. Rc1
Qe7 $44 {/\Rb8-b2}) 23... Bf5 24. Rbd1 (24. Nb3 $5 Bxb1 25. Rxb1 $11) 24... Bd4
25. Qf3 (25. Qa3 Re3 26. Qa4 Rxg3 $40) 25... Re3 26. Qa8 $1 {White has to lash
out before it's too late.} (26. Qf2 Qe7 $36 (26... Ra3 $44)) 26... Qxa8 27.
Bxa8 Bxh3 (27... Rxg3 28. Rf3 Rxh3+ 29. Rxh3 Bxh3 30. Bd5 $13 {פa5} (30. Nf3
$5 $132)) (27... Rxe2 28. Rfe1 Rf2 (28... Rxe1+ 29. Rxe1 Kf8 30. g4 Bc3 31.
gxf5 Bxd2 32. Re2 Bxf4 33. Bd5 {[%csl Ra5] פa5}) 29. Nf3 $14) 28. Rf3 Rxe2 29.
Ra3 Bg4 {Black still wants to keep the tension.} ({Less ambitious was} 29...
Rxd2 30. Rxd2 Nxc4 31. Rxd4 cxd4 32. Rd3 (32. Rxa6 d3 33. Bf3 d2 $36) 32... Be6
33. Rxd4 Kf8 34. Bb7 a5 35. Bd5 (35. Ba6 d5 36. Bb7 Nb6 $11) 35... Bxd5+ 36.
Rxd5 Ke7 37. Kg1 Ke6 38. Rb5 d5 $11) 30. Bf3 (30. Rxa5 $5 Rf2 31. Rb1 Rxd2 32.
Rxa6 Bf5 33. Rc1 (33. Rb8+ Kg7 34. Rxd6 Rd1+ 35. Kg2 Rd2+ $11) 33... Bf2 34.
Ra3 Be6 $44 {[%csl Rh1] עh1}) 30... Bxf3+ 31. Nxf3 Nxc4 32. Nxd4 cxd4 33. Rxa6
Nd2 $1 {[%cal Rd2f3] /\Nf3-+ This guarantees at least a draw.} 34. Ra3 (34. Kg1
d3 35. Rxd6 Nf3+ 36. Kf1 Nh2+ 37. Kg1 d2 $1 38. a4 Kf8 39. a5 Ke7 40. Rd3 Re1+
41. Kxh2 Rxd1 42. a6 Ra1 $11 {/=/+ with a theoretical draw, but it's White who
must do it}) 34... d5 (34... d3 $5 35. Rxd3 Ne4 36. Kg1 (36. Rxd6 $5 Nxd6 37.
Rxd6 Rxa2 38. Kg1 $11 {-see the _|_ mentioned in the note above.}) 36... Rxa2
37. Re3 f5 38. Rxe4 $5 fxe4 39. Rxd6 $11) 35. Kg1 h5 36. Rd3 Ne4 37. Ra1 {
Without his o^a2 White would have to be careful.} (37. Rxd4 Rxa2 38. Rxd5 $2
Nxg3 $17) 37... Kg7 (37... Re3 $143 38. Rxe3 dxe3 39. Kg2 e2 (39... d4 40. Kf3
$16 {[%csl Ga2] o^a2}) 40. Kf3 Nc3 41. Kf2 d4 42. a4 d3 43. Ke1 Nd5 44. a5 Ne3
45. Kd2 (45. a6 Nc2+ 46. Kd2 Nxa1 47. a7 Nc2 48. a8=Q+ Kg7 $19) 45... Nc4+ 46.
Kxd3 Nxa5 $11) 38. Kf1 (38. a4 $5 Nc5 39. Rdd1 d3 40. a5 Re6 $44 (40... d2 41.
Kf1 Re6 42. Rxd2 $1 Nb3 43. Re2 $1 Ra6 44. Ra3 $18)) 38... Rh2 39. Kg1 Re2 40.
Kf1 Rh2 41. Kg1 Re2 1/2-1/2